Hidden Countries in Lorem Ipsum - Statistics

General Stats
  • This quiz has been taken 26 times
  • The average score is 6 of 15
Answer Stats
Hint Answer % Correct
Democratic Republic of the Congo
77%
Paraguay
73%
Mauritius
68%
Togo
64%
Iraq
55%
Liberia
50%
Lorem ipsum dolor sit amet, consectetur adipiscing elit, sed do eiusmod tempor incididunt ut labore et dolore magna aliqua. Ut enim ad minim veniam, iraquis nostrud exercitation ullamco laboris nisi ut aliquip ex echada commodo consequat. Duis aute irure togor in reprehenderit in voluptate velit esse cillum dolore eu fugiat nulla paraguaytur. Excepteur sint occaecat cupidatat non proident, sunt in culpa qui officia deserunt mollit anamibia id est laborum.
Donec auctor imperdiet purus eget aliquam. Vestibulum hendrerit diam eget feugiat consectetur. Nam tincidunt diampan ama dui. Sed facilisis varius sapien vel vestibulum. Duis ut malesuada enim. Mauritius rutrum leo sed lectus rhoncus, in commodo ligula imperdiet. Duis consequat lobortis neque. Nam sollicitudin odio vitae interdum dapibus. Duis tempus metus et est sagittis feugiat. Aliquam eu tempus metus. Vivamus scelerisque condimentum elit, et tincidunt liberia volutpat ultrices. Aenean in sapien pharetra, feugiat nunc vel, iaculis risus. Curabitur elementum lorem eu dui porttitor vehicula. Nullam volutpat ipsum eu leo suscipit, non volutpat mi molestie. Integer lobortis egestas tincidunt.
Donec lacinia dignissim dolor, et scelerisque velit tincidunt eget. Aliquam dignissim porta massa, sed bibendum dui laoreet facilisis. Proin non consectetur laosrem. Etiam aliquet, nibh et suscipit sagittis, nunc arcu ultrices ex, non volutpat sem mi eu arcu. Etiam sagittis magna ac dolor cursus, sed imperdiet risus gravida. Etiam lacus purus, pretium id nibh lacinia, iaculis commodo nibh. Phasellus vel posuere tortor. Pellentesque mollis efficitur ligula, vitalye sagittis ipsum euismod ac.
Vestibulum ante ipsum primis in faucibus orci luctus et ultrices posuere cubailia curae; In ipsum mi, democratic republic of the congoignissim ut auctor quis, scelerisque et lacus. Mauris non dui a erat fermentum pharetra sit amet sit amet purus. In in varius dui, et fermentum metus. Proin sollicitudin elementum naurulla. Aliqataruam leo nunc, luctus at rhoncus sed, pretium eget diam. Aliquam magna velit, molestie ac semper sed, tincidunt in nunc.
Namibia
36%
Chad
27%
Laos
27%
Italy
23%
Cuba
18%
Qatar
18%
Panama
14%
Nauru
9%
Tunisia
9%
No matching quizzes found
Score Distribution
Percent of People with Each Score
Percentile by Number Answered
Your Score History
You have not taken this quiz